Partition of India: Legend and Reality (Record no. 1312613)

MARC details
000 -LEADER
fixed length control field 00551nam a2200217Ia 4500
005 - DATE AND TIME OF LATEST TRANSACTION
control field 20250506172913.0
008 - FIXED-LENGTH DATA ELEMENTS--GENERAL INFORMATION
fixed length control field 008 250505s9999 xx 000 0 eng d
020 ## - INTERNATIONAL STANDARD BOOK NUMBER
International Standard Book Number 9788194776550
037 ## - SOURCE OF ACQUISITION
Stock number TB
040 ## - CATALOGING SOURCE
Original cataloging agency ILCL
Language of cataloging eng
Transcribing agency ILCL
041 ## - LANGUAGE CODE
Language code of text/sound track or separate title eng
Source of code eng
082 ## - DEWEY DECIMAL CLASSIFICATION NUMBER
Assigning agency ILCL
100 ## - MAIN ENTRY--PERSONAL NAME
Personal name Seervai, H M
245 #0 - TITLE STATEMENT
Title Partition of India: Legend and Reality
250 ## - EDITION STATEMENT
Edition statement 2
260 ## - PUBLICATION, DISTRIBUTION, ETC.
Place of publication, distribution, etc. Delhi
Name of publisher, distributor, etc. Law and Justice Publishing Company
Date of publication, distribution, etc. 2023
300 ## - PHYSICAL DESCRIPTION
Extent iv,278p.
365 ## - TRADE PRICE
Price type code INR
942 ## - ADDED ENTRY ELEMENTS (KOHA)
Koha item type Textbook
Source of classification or shelving scheme
Holdings
Withdrawn status Lost status Source of classification or shelving scheme Damaged status Not for loan Home library Current library Source of acquisition Cost, normal purchase price Inventory number Total Checkouts Full call number Barcode Date last seen Date last checked out Price effective from Koha item type
    Colon Classification (CC)     Integrated Law Course library Integrated Law Course library Singhal Publications 450.00 2535 dt.26-06-2024 1 V2.N47 N4 IL1863773 2026-03-23 2026-02-24 2025-05-06 Textbook
Copyright @ Delhi University Library System